[Event "Istanbul Open 2017"]
[Site "Istanbul"]
[Date "2017.09.17"]
[Round "9"]
[White "Zeydan, Salih"]
[Black "Buker, Muhittin"]
[Result "1-0"]
[WhiteElo "2057"]
[BlackElo "1969"]
[Annotator "NA RC"]
[PlyCount "25"]
[EventDate "2017.??.??"]
[EventType "swiss"]
[EventCountry "TUR"]
[SourceTitle "playchess.com"]
[Source "ChessBase"]
[SourceQuality "1"]
[TimeControl "5400+30"]

{[%evp 8,18,133,107,241,220,258,266,277,285,598,606,647]} 1. e4 {[%emt 0:00:30]} e5 {[%emt 0:01:00]} 2. Nc3 {[%emt 0:04:30]} Bc5 {[%emt 0:02:30]} 3. f4 {[%emt 0:08:30]} Bxg1 {[%emt 0:01:30]} 4. Rxg1 {[%emt 0:00:00]} exf4 {[%emt 0:00:30]} ({Black should play} 4... Nc6 $1 $14) 5. d4 {[%emt 0:01:00]} Qh4+ $2 {[%emt 0:03:30]} (5... Ne7 $16) 6. g3 {[%emt 0:00:30]} Qxh2 {[%emt 0:02:30]} 7. Rg2 {[%emt 0:01:30]} Qh1 {[%emt 0:00:00]} 8. Qg4 {[%emt 0:13:30]} ({Not} 8. Bxf4 d6 $16) ({Weaker is} 8. gxf4 Qh4+ 9. Kd2 Ne7 $14) 8... Ne7 $2 {[%emt 0:03:00]} (8... f3 {is a better chance.} 9. Qxf3 Ne7) 9. Nd5 {[%emt 0:02:30]} Ng6 $18 {[%emt 0:13:30]} 10. Bxf4 {[%emt 0:06:30]} Na6 {[%emt 0:01:30]} 11. O-O-O {[%emt 0:03:30]} d6 {[%emt 0:03:30]} 12. Qf3 {[%emt 0:17:30]} Bh3 {[%emt 0:00:30]} 13. Bb5+ {[%emt 0:00:30]} 1-0

[Event "Istanbul Open 2017"]
[Site "Istanbul"]
[Date "2017.09.17"]
[Round "9"]
[White "Onem, Uzay Altay"]
[Black "Citak, Selim"]
[Result "1-0"]
[WhiteElo "1886"]
[BlackElo "2318"]
[Annotator "TA"]
[PlyCount "31"]
[EventDate "2017.??.??"]
[EventType "swiss"]
[EventCountry "TUR"]
[SourceTitle "playchess.com"]
[Source "ChessBase"]
[SourceQuality "1"]

{[%evp 1,1,33]} 1. d4 {Find the theoretical novelty and annotate with similar games:} Nf6 $146 2. c4 e6 3. Nf3 d5 4. Nc3 Bb4 5. Bg5 h6 6. Bxf6 Qxf6 7. Qa4+ Nc6 8. e3 O-O 9. Be2 dxc4 10. O-O Bxc3 11. bxc3 Bd7 12. Qxc4 Rac8 13. Rad1 Rfd8 14. Nd2 Na5 15. Qb4 b6 16. Ba6 {1-0 (32) Aronian,L (2809)-So,W (2810) Saint Louis 2017} 1-0

[Event "Istanbul Open 2017"]
[Site "Istanbul"]
[Date "2017.09.17"]
[Round "9"]
[White "Bicer, Atakan Mert"]
[Black "Rasulov, Vugar"]
[Result "0-1"]
[WhiteElo "1842"]
[BlackElo "2504"]
[Annotator "TA"]
[PlyCount "90"]
[EventDate "2017.??.??"]
[EventType "swiss"]
[EventCountry "TUR"]
[SourceTitle "playchess.com"]
[Source "ChessBase"]
[SourceQuality "1"]

{[%evp 23,90,21,22,30,26,0,0,0,2,0,30,31,26,25,28,0,33,-42,-41,-55,-28,-86,-54,-91,-73,-74,-68,-76,-61,-78,-71,-126,-150,-137,-135,-180,-166,-181,-182,-182,-182,-190,-176,-325,-329,-397,-398,-402,-261,-268,-264,-258,-248,-314,-322,-429,-437,-465,-447,-627,-619,-741,-739,-951,-947,-1008,-985,-1006,-1000]} 1. d4 Nf6 2. Nf3 c5 3. d5 e6 4. c4 exd5 5. cxd5 d6 6. Nc3 g6 7. e4 Bg7 8. Bd3 O-O 9. O-O Bg4 10. h3 Bxf3 11. Qxf3 Nbd7 12. Bf4 {A70: Modern Benoni: 6 e4 g6 7 Nf3} (12. Qe2 a6 13. a4 Ne5 14. Bc2 Re8 15. f4 Ned7 16. Qf3 c4 17. Be3 Qa5 18. Rae1 b5 19. axb5 axb5 20. Ne2 b4 21. Bd4 {0-1 (39) Zubritskiy,A (2442)-Khalifman,A (2617) Tallinn 2016}) 12... Qe7 {LiveBook: 3 Games} 13. Rae1 a6 14. a4 {[#] White has an edge.} Nh5 $146 ({Predecessor:} 14... Rfe8 15. Qd1 Nh5 16. Bh2 Be5 17. f4 Bd4+ 18. Kh1 Qh4 19. Qg4 Qxg4 20. hxg4 Nhf6 21. g5 Ng4 {0-1 (48) Pena Riasco,A (2196)-Del Rio de Angelis,S (2502) Linares 2005}) 15. Bh2 Be5 16. Qe3 Bd4 17. Qd2 Ne5 18. Be2 Nf6 19. Bd3 Rfe8 20. Bxe5 ({Better is} 20. Bb1 $14) 20... Qxe5 $15 21. Kh1 Qh5 22. Qe2 (22. f3 $11) 22... Qh4 23. Qf3 Re7 24. Kh2 Rae8 25. g3 Qg5 26. Re2 h5 {[%cal Bh7h5,Bh5h4][%mdl 32]} (26... Nd7 $5 {[%cal Rd7e5]} 27. Qg2 Qf6 $15) 27. Rfe1 (27. h4 $142 Qe5 28. Rc1) 27... h4 $17 28. Kg2 Be5 29. g4 Nh5 {Strongly threatening ...Nf4+.} 30. Re3 Bd4 31. Kh1 Nf4 32. Bc2 Qe5 33. Nd1 (33. Rf1 {was necessary.}) 33... c4 $19 34. R3e2 Nxe2 35. Rxe2 Qf6 36. Qxf6 Bxf6 37. Kg2 b5 {[%cal Bb7b5,Bb5b4][%mdl 32]} 38. a5 Be5 39. f3 Rc8 {Black is clearly winning.} 40. Kf2 Rc5 41. Ke3 (41. b4 $142 cxb3 42. Bxb3) 41... g5 42. Kd2 b4 43. Kc1 Rxa5 44. Ne3 Ra1+ 45. Bb1 Bf4 {Precision: White = 31%, Black = 73%.} 0-1

[Event "Istanbul Open 2017"]
[Site "Istanbul"]
[Date "2017.09.17"]
[Round "9"]
[White "Akin, Yagiz Cinar"]
[Black "Demirbag, Alihan"]
[Result "1/2-1/2"]
[WhiteElo "1823"]
[BlackElo "1932"]
[Annotator "NA RC"]
[PlyCount "81"]
[EventDate "2017.??.??"]
[EventType "swiss"]
[EventCountry "TUR"]
[SourceTitle "playchess.com"]
[Source "ChessBase"]
[SourceQuality "1"]
[TimeControl "5400+30"]

{[%evp 14,76,16,5,6,10,20,0,0,32767,32767,0,0,0,0,-6,28,-22,-10,-69,-15,-85,-88,-92,-70,-58,32767,32767,32767,32767,32767,32767,0,0,0,-4,0,0,0,-6,0,0,0,0,0,0,0,-31,-40,-33,-8,-37,0,0,0,0,0,0,0,0,0,0,8,0,0]} 1. e4 {[%emt 0:00:30]} g6 {[%emt 0:01:00]} 2. d4 {[%emt 0:00:00]} Bg7 {[%emt 0:00:00]} 3. Nc3 {[%emt 0:00:00]} d6 {[%emt 0:00:00]} 4. f4 {[%emt 0:00:00]} a6 {[%emt 0:00:00]} 5. a4 {[%emt 0:00:00]} Nf6 {[%emt 0:00:00]} 6. Nf3 {[%emt 0:00:00]} c5 {[%emt 0:01:30]} 7. d5 {[%emt 0:00:00]} O-O {[%emt 0:00:30]} 8. Bd3 {[%emt 0:00:30]} e6 {[%emt 0:01:30]} 9. O-O {[%emt 0:01:30]} exd5 {[%emt 0:00:00] LiveBook: 4 Games A43: Alt-Benoni} 10. Nxd5 {[%emt 0:00:00]} (10. exd5 Bg4 11. h3 Bxf3 12. Qxf3 Nbd7 13. Be3 Qc7 14. Rfe1 Rfe8 15. Bf2 Rab8 16. Bf1 Qa5 17. g4 {0-1 (37) Dobrev,N (2448)-Doncea,V (2451) France 2007}) 10... Nxd5 {[%emt 0:05:00]} 11. exd5 {[%emt 0:00:00]} Bg4 {[%emt 0:00:30]} 12. h3 $146 {[%emt 0:02:30]} ({Vorgänger:} 12. Kh1 Nd7 13. h3 Bxf3 14. Qxf3 Qh4 15. a5 f5 16. Bd2 Rae8 17. Rae1 {½-½ (27) Mo,K (2064)-Resika,N (2204) Philadelphia 2011}) 12... Bxf3 {[%emt 0:00:30]} 13. Qxf3 {[%emt 0:00:30]} Nd7 {[%emt 0:00:30]} 14. a5 {[%emt 0:03:30]} b5 {[%emt 0:01:30]} 15. c4 {[%emt 0:02:30]} (15. axb6 $5 Qxb6 16. Kh2 $11) 15... b4 {[%emt 0:04:30]} 16. Qd1 {[%emt 0:06:30]} ({White should play} 16. Ra2 $11) 16... Qh4 {[%emt 0:04:30]} 17. Rb1 {[%emt 0:03:30]} (17. Kh2 $11) 17... Rae8 {[%emt 0:05:30]} 18. Kh2 {[%emt 0:03:30]} f5 {[%emt 0:08:30]} 19. Bd2 {[%emt 0:02:30]} Nf6 {[%emt 0:05:30]} 20. g3 {[%emt 0:02:30]} Qh5 {[%emt 0:01:30]} 21. Qxh5 {[%emt 0:02:30]} Nxh5 {[%emt 0:01:30]} 22. b3 {[%emt 0:01:30]} Nf6 {[%emt 0:07:30]} 23. Rbe1 {[%emt 0:00:30]} Kf7 {[%emt 0:01:30]} 24. Kg2 {[%emt 0:00:30]} h5 {[%emt 0:08:30]} 25. Kf3 {[%emt 0:01:30]} Rxe1 {[%emt 0:03:30]} 26. Rxe1 {[%emt 0:00:00]} Re8 {[%emt 0:01:30]} 27. Be3 {[%emt 0:02:00]} Bf8 {[%emt 0:01:30]} 28. Re2 {[%emt 0:00:30]} Be7 {[%emt 0:01:30]} 29. Bc1 {[%emt 0:04:30]} Bd8 {[%emt 0:00:30]} 30. Rxe8 {[%emt 0:01:30]} Nxe8 {[%emt 0:03:30]} 31. g4 {[%emt 0:00:00]} fxg4+ {[%emt 0:01:30]} 32. hxg4 {[%emt 0:00:00]} Bxa5 {[%emt 0:00:30]} 33. f5 {[%emt 0:01:30]} hxg4+ {[%emt 0:00:30]} 34. Kxg4 {[%emt 0:00:30]} gxf5+ {[%emt 0:00:30]} 35. Bxf5 {[%emt 0:00:30]} Bd8 {[%emt 0:01:30]} 36. Be6+ {[%emt 0:00:30]} Kg7 {[%emt 0:00:30]} 37. Kf5 {[%emt 0:00:30]} Bf6 $11 {[%emt 0:07:30]} 38. Bf4 {[%emt 0:00:30]} Be7 {[%emt 0:00:00]} 39. Bc8 {[%emt 0:01:30]} Nc7 {[%emt 0:00:00]} 40. Bxa6 {[%emt 0:01:30]} Kf7 {[%emt 0:01:30]} 41. Ke4 {[%emt 0:01:30]} 1/2-1/2

[Event "Istanbul Open 2017"]
[Site "Istanbul"]
[Date "2017.09.17"]
[Round "9"]
[White "Emir, Emirhan"]
[Black "Karaokcu, Erkin"]
[Result "0-1"]
[WhiteElo "1801"]
[BlackElo "2206"]
[Annotator "TA"]
[PlyCount "66"]
[EventDate "2017.??.??"]
[EventType "swiss"]
[EventCountry "TUR"]
[SourceTitle "playchess.com"]
[Source "ChessBase"]
[SourceQuality "1"]

{[%evp 9,66,-29,-17,-58,-45,-127,-85,-119,-66,-70,-76,-111,-123,-143,-117,-106,-108,-125,-101,-129,-126,-127,-118,-122,-118,-106,-110,-176,-188,-195,-182,-168,-171,-238,-241,-235,-243,-289,-308,-466,-452,-431,-226,-222,-227,-218,-223,-229,-234,-349,-345,-387,-379,-475,-378,-371,-356,-333,-244]} 1. c4 e5 2. Nc3 Bb4 3. e4 Nf6 4. d3 O-O 5. Nge2 (5. g3 c6 6. Qb3 Na6 7. a3 Bxc3+ 8. Qxc3 d5 9. Bg2 dxe4 10. dxe4 Nc5 11. f3 Qd3 12. Bd2 Rd8 {0-1 (53) Konovalov,N (2463)-Sorokin,M (2547) Moscow 2007}) 5... c6 6. g3 $146 {A22: English Opening: 1...e5 2 Nc3 Nf6} ({Find the theoretical novelty and annotate with similar games:} 6. a3 Bc5 7. Be3 Bxe3 8. fxe3 Ng4 9. Qd2 Qg5 10. O-O-O Nf2 11. Ng3 Nxh1 12. Nxh1 d6 {0-1 (33) Lavrincik,P (1837)-Prueske,W (2093) Marianske Lazne 2016}) 6... d5 7. Bd2 (7. exd5 $15 cxd5 8. a3 Bxc3+ 9. Nxc3) 7... Bg4 8. cxd5 {Black is better.} cxd5 (8... Bf3 $17 9. Rg1 Na6) 9. Bg2 $1 $15 {[%cal Re4d5]} Nc6 {[#] ...Nd4 is the strong threat.} 10. f3 {Black must now prevent exd5.} Be6 11. O-O dxe4 12. dxe4 Qb6+ 13. Kh1 Rfd8 14. Qe1 Be7 15. Nd1 Nb4 16. Bxb4 Bxb4 17. Nec3 Rac8 18. Ne3 (18. a3 $17 Bf8 19. Rc1) 18... Rd3 $36 {[%mdl 2048] Black is really pushing.} 19. Ned5 Bxd5 20. exd5 Qd4 21. Qb1 (21. Ne2 $142) 21... Bxc3 22. bxc3 Qxd5 23. Qb4 Rcxc3 24. Rfe1 (24. Rf2 {was necessary.}) 24... Rc2 25. Rab1 Qxa2 (25... g6 $142 {Hoping for ...Rdd2.} 26. Qxb7 Qxb7 27. Rxb7 Rdd2) 26. Qxb7 {[#] Threatening mate with Qb8+.} g6 27. Ra1 Qb2 ({Not} 27... Rxg2 28. Rxa2 Rxa2 29. Qb8+ Kg7 30. Qxe5 $15) 28. Qxb2 Rxb2 29. Rxe5 (29. Rab1 $142 Rxb1 30. Rxb1) 29... Rdd2 30. Rg1 Ra2 31. h4 h5 32. Ree1 Nd5 33. Rd1 Rxd1 {Precision: White = 38%, Black = 72%.} 0-1

[Event "Istanbul Open 2017"]
[Site "Istanbul"]
[Date "2017.09.17"]
[Round "9"]
[White "Kilic, Eray"]
[Black "Ozen, Medeni"]
[Result "1-0"]
[WhiteElo "1727"]
[BlackElo "1718"]
[Annotator "NA RC"]
[PlyCount "68"]
[EventDate "2017.??.??"]
[EventType "swiss"]
[EventCountry "TUR"]
[SourceTitle "playchess.com"]
[Source "ChessBase"]
[SourceQuality "1"]
[TimeControl "5400+30"]

1. e4 {[%emt 0:00:30]} e5 {[%emt 0:01:00]} 2. Nf3 {[%emt 0:00:00]} Nc6 {[%emt 0:00:30]} 3. Bc4 {[%emt 0:00:00]} Nf6 {[%emt 0:00:00]} 4. Ng5 {[%emt 0:00:00]} d5 {[%emt 0:00:00]} 5. exd5 {[%emt 0:00:00]} Na5 {[%emt 0:00:30]} 6. d3 {[%emt 0:00:00]} h6 {[%emt 0:04:30]} 7. Nf3 {[%emt 0:00:00]} e4 {[%emt 0:06:30]} 8. Qe2 {[%emt 0:00:30]} Nxc4 {[%emt 0:04:30]} 9. dxc4 {[%emt 0:00:00]} Bc5 {[%emt 0:02:30]} 10. O-O {[%emt 0:04:00]} Qe7 {[%emt 0:03:30]} 11. Nfd2 {[%emt 0:12:30]} e3 {[%emt 0:01:30]} 12. fxe3 {[%emt 0:00:00]} Ng4 {[%emt 0:07:30]} 13. Nf3 {[%emt 0:01:00]} O-O {[%emt 0:03:30]} 14. Nc3 {[%emt 0:04:30]} Re8 {[%emt 0:01:30]} 15. Bd2 {[%emt 0:04:30]} f5 {[%emt 0:05:30]} 16. Kh1 {[%emt 0:29:30]} Bd7 {[%emt 0:06:30]} 17. Rae1 {[%emt 0:13:30]} Qf7 {[%emt 0:13:30]} 18. h3 {[%emt 0:06:30]} Qh5 {[%emt 0:00:30]} 19. e4 {[%emt 0:02:30]} fxe4 {[%emt 0:06:30]} 20. Nh2 {[%emt 0:00:30]} e3 {[%emt 0:01:30]} 21. hxg4 {[%emt 0:04:38]} exd2 {[%emt 0:02:30]} 22. gxh5 {[%emt 0:00:31]} dxe1=Q {[%emt 0:00:30]} 23. Qxe1 {[%emt 0:00:09]} Rxe1 {[%emt 0:00:30]} 24. Rxe1 {[%emt 0:00:11]} Rf8 {[%emt 0:02:30]} 25. Ne4 {[%emt 0:00:53]} Bd4 {[%emt 0:00:30]} 26. c3 {[%emt 0:00:23]} Be5 {[%emt 0:01:30]} 27. Nf3 {[%emt 0:00:05]} Rf5 {[%emt 0:00:30]} 28. Kg1 {[%emt 0:05:37]} Rxh5 {[%emt 0:03:30]} 29. c5 {[%emt 0:00:30]} Bf4 {[%emt 0:00:30]} 30. c4 {[%emt 0:00:21]} Bg4 {[%emt 0:00:30]} 31. d6 {[%emt 0:00:37]} Bf5 {[%emt 0:01:30]} 32. g3 {[%emt 0:01:00]} cxd6 {[%emt 0:02:39]} 33. gxf4 {[%emt 0:01:16]} Bxe4 {[%emt 0:00:12]} 34. cxd6 {[%emt 0:00:52]} Bf5 {[%emt 0:00:35]} 1-0

[Event "Istanbul Open 2017"]
[Site "Istanbul"]
[Date "2017.09.17"]
[Round "9"]
[White "Tarakci, Efdal"]
[Black "Nukan, Baris Tuna"]
[Result "1/2-1/2"]
[WhiteElo "1714"]
[BlackElo "1656"]
[Annotator "NA RC"]
[PlyCount "90"]
[EventDate "2017.??.??"]
[EventType "swiss"]
[EventCountry "TUR"]
[SourceTitle "playchess.com"]
[Source "ChessBase"]
[SourceQuality "1"]
[TimeControl "5400+30"]

1. e4 {[%emt 0:00:30]} c5 {[%emt 0:01:00]} 2. Nf3 {[%emt 0:00:30]} e6 {[%emt 0:00:00]} 3. d4 {[%emt 0:01:30]} cxd4 {[%emt 0:00:00]} 4. Nxd4 {[%emt 0:00:30]} Nf6 {[%emt 0:00:30]} 5. Nc3 {[%emt 0:01:30]} Nc6 {[%emt 0:01:30]} 6. Ndb5 {[%emt 0:04:30]} Bb4 {[%emt 0:00:30]} 7. Nd6+ {[%emt 0:01:30]} Ke7 {[%emt 0:00:30]} 8. Nxc8+ {[%emt 0:15:30]} Rxc8 {[%emt 0:00:30]} 9. Bd3 {[%emt 0:00:30]} d5 {[%emt 0:09:30]} 10. exd5 {[%emt 0:03:30]} Nxd5 {[%emt 0:01:30]} 11. Bg5+ {[%emt 0:02:30]} f6 {[%emt 0:00:30]} 12. Bd2 {[%emt 0:00:30]} Nxc3 {[%emt 0:00:00]} 13. bxc3 {[%emt 0:00:30]} Bd6 {[%emt 0:00:00]} 14. Qg4 {[%emt 0:00:30]} Kf7 {[%emt 0:03:30]} 15. O-O {[%emt 0:10:30]} Ne5 {[%emt 0:03:30]} 16. Qe4 {[%emt 0:00:30]} Qe7 {[%emt 0:01:30]} 17. Rab1 {[%emt 0:02:30]} Nxd3 {[%emt 0:03:30]} 18. cxd3 {[%emt 0:04:30]} b6 {[%emt 0:01:30]} 19. Rfe1 {[%emt 0:00:30]} Rhe8 {[%emt 0:03:30]} 20. Re3 {[%emt 0:01:30]} Kg8 {[%emt 0:04:30]} 21. Rbe1 {[%emt 0:00:30]} Qf7 {[%emt 0:03:30]} 22. Rh3 {[%emt 0:05:30]} f5 {[%emt 0:04:30]} 23. Qh4 {[%emt 0:02:30]} g6 {[%emt 0:00:30]} 24. d4 {[%emt 0:12:30]} e5 {[%emt 0:04:30]} 25. dxe5 {[%emt 0:03:30]} Bxe5 {[%emt 0:00:30]} 26. Rhe3 {[%emt 0:01:30]} Bg7 {[%emt 0:02:30]} 27. Rxe8+ {[%emt 0:20:30]} Rxe8 {[%emt 0:00:00]} 28. Rxe8+ {[%emt 0:00:25]} Qxe8 {[%emt 0:00:00]} 29. Qc4+ {[%emt 0:00:19]} Qf7 {[%emt 0:00:30]} 30. Qc8+ {[%emt 0:00:33]} Qf8 {[%emt 0:06:30]} 31. Qd7 {[%emt 0:01:39]} Qf7 {[%emt 0:00:30]} 32. Qc8+ {[%emt 0:00:15]} Qf8 {[%emt 0:00:30]} 33. Qxf8+ {[%emt 0:01:48]} Kxf8 {[%emt 0:00:30]} 34. Kf1 {[%emt 0:00:06]} Ke7 {[%emt 0:00:00]} 35. Ke2 {[%emt 0:00:17]} Kd6 {[%emt 0:00:00]} 36. Kd3 {[%emt 0:00:15]} Kc5 {[%emt 0:01:30]} 37. a4 {[%emt 0:00:15]} Kd5 {[%emt 0:00:30]} 38. Be3 {[%emt 0:01:09]} Bf8 {[%emt 0:00:30]} 39. Bf4 {[%emt 0:00:57]} a6 {[%emt 0:01:30]} 40. Bg5 {[%emt 0:00:58]} b5 {[%emt 0:00:30]} 41. axb5 {[%emt 0:00:02]} axb5 {[%emt 0:00:00]} 42. Bf6 {[%emt 0:00:51]} Bd6 {[%emt 0:00:00]} 43. h3 {[%emt 0:00:23]} Be5 {[%emt 0:01:30]} 44. Bg5 {[%emt 0:00:34]} Bd6 {[%emt 0:00:30]} 45. Bh6 {[%emt 0:00:28]} Bc5 {[%emt 0:00:30]} 1/2-1/2

[Event "Istanbul Open 2017"]
[Site "Istanbul"]
[Date "2017.09.17"]
[Round "9"]
[White "Gezici, Omer Ata"]
[Black "Demirel, Ali Yagmur"]
[Result "0-1"]
[WhiteElo "1701"]
[BlackElo "1718"]
[Annotator "NA RC"]
[PlyCount "89"]
[EventDate "2017.??.??"]
[EventType "swiss"]
[EventCountry "TUR"]
[SourceTitle "playchess.com"]
[Source "ChessBase"]
[SourceQuality "1"]
[TimeControl "5400+30"]

1. e4 {[%emt 0:09:30]} e6 {[%emt 0:03:00]} 2. d4 {[%emt 0:00:30]} d5 {[%emt 0:00:30]} 3. Nd2 {[%emt 0:00:30]} h6 {[%emt 0:00:30]} 4. Ngf3 {[%emt 0:00:30]} Nf6 {[%emt 0:00:30]} 5. Bd3 {[%emt 0:00:30]} c5 {[%emt 0:00:30]} 6. exd5 {[%emt 0:00:30]} Nxd5 {[%emt 0:00:30]} 7. c3 {[%emt 0:00:30]} Nc6 {[%emt 0:00:30]} 8. Nb3 {[%emt 0:01:30]} cxd4 {[%emt 0:00:30]} 9. Nbxd4 {[%emt 0:00:30]} Bc5 {[%emt 0:00:30]} 10. Nb3 {[%emt 0:04:30]} Bb6 {[%emt 0:00:30]} 11. O-O {[%emt 0:00:30]} Qf6 {[%emt 0:00:30]} 12. Bc4 {[%emt 0:08:30]} O-O {[%emt 0:00:30]} 13. Qe2 {[%emt 0:02:30]} Bd7 {[%emt 0:01:30]} 14. Rd1 {[%emt 0:06:30]} Rfe8 {[%emt 0:00:30]} 15. Nbd4 {[%emt 0:03:30]} Nxd4 {[%emt 0:00:30]} 16. Nxd4 {[%emt 0:00:30]} e5 {[%emt 0:00:30]} 17. Nb3 {[%emt 0:00:30]} Nf4 {[%emt 0:00:30]} 18. Bxf4 {[%emt 0:00:30]} exf4 {[%emt 0:00:30]} 19. Qf3 {[%emt 0:00:30]} Bf5 {[%emt 0:00:30]} 20. Bd5 {[%emt 0:00:30]} Qg5 {[%emt 0:20:30]} 21. h3 {[%emt 0:18:30]} Bg6 {[%emt 0:04:30]} 22. Qg4 {[%emt 0:07:30]} Qxg4 {[%emt 0:02:30]} 23. hxg4 {[%emt 0:00:00]} Re2 {[%emt 0:00:00]} 24. Nd4 {[%emt 0:04:00]} Rxb2 {[%emt 0:00:00]} 25. Bxb7 {[%emt 0:00:30]} Re8 {[%emt 0:00:30]} 26. Bf3 {[%emt 0:04:30]} Rc8 {[%emt 0:00:30]} 27. Rdc1 {[%emt 0:08:49]} Bd3 {[%emt 0:02:30]} 28. a4 {[%emt 0:01:07]} a5 {[%emt 0:00:30]} 29. Bb7 {[%emt 0:02:37]} Rc7 {[%emt 0:00:30]} 30. Bf3 {[%emt 0:00:42]} Rc8 {[%emt 0:00:30]} 31. Bb7 {[%emt 0:00:10]} Rd8 {[%emt 0:00:30]} 32. Rd1 {[%emt 0:00:56]} Bxd4 {[%emt 0:00:30]} 33. cxd4 {[%emt 0:07:12]} Be2 {[%emt 0:00:30]} 34. Re1 {[%emt 0:00:37]} Rxd4 {[%emt 0:00:30]} 35. Bf3 {[%emt 0:00:37]} Rdd2 {[%emt 0:00:30]} 36. Bxe2 {[%emt 0:00:36]} Rxe2 {[%emt 0:00:30]} 37. Rxe2 {[%emt 0:00:36]} Rxe2 {[%emt 0:00:30]} 38. Kf1 {[%emt 0:00:41]} Re4 {[%emt 0:00:30]} 39. f3 {[%emt 0:00:03]} Rd4 {[%emt 0:00:30]} 40. Ke2 {[%emt 0:00:30]} Kh7 {[%emt 0:00:30]} 41. Ra2 {[%emt 0:00:35]} Kg6 {[%emt 0:00:30]} 42. Ra1 {[%emt 0:01:02]} Kg5 {[%emt 0:00:30]} 43. Rh1 {[%emt 0:00:30]} Rxa4 {[%emt 0:00:30]} 44. Rh5+ {[%emt 0:00:30]} Kg6 {[%emt 0:03:30]} 45. Rb5 {[%emt 0:05:03]} 0-1

[Event "Istanbul Open 2017"]
[Site "Istanbul"]
[Date "2017.09.17"]
[Round "9"]
[White "Adanmis, Ezgi"]
[Black "Bagci, Hikmet"]
[Result "1-0"]
[WhiteElo "1626"]
[BlackElo "1706"]
[Annotator "NA RC"]
[PlyCount "119"]
[EventDate "2017.??.??"]
[EventType "swiss"]
[EventCountry "TUR"]
[SourceTitle "playchess.com"]
[Source "ChessBase"]
[SourceQuality "1"]
[TimeControl "5400+30"]

1. e4 {[%emt 0:00:30]} c5 {[%emt 0:01:00]} 2. Nf3 {[%emt 0:00:00]} d6 {[%emt 0:00:00]} 3. d4 {[%emt 0:00:00]} cxd4 {[%emt 0:00:00]} 4. c4 {[%emt 0:00:30]} dxc3 {[%emt 0:00:30]} 5. Nxc3 {[%emt 0:00:00]} Nc6 {[%emt 0:00:30]} 6. Bc4 {[%emt 0:00:00]} e6 {[%emt 0:00:30]} 7. O-O {[%emt 0:00:30]} Be7 {[%emt 0:00:00]} 8. Bf4 {[%emt 0:03:30]} Nf6 {[%emt 0:01:00]} 9. Qe2 {[%emt 0:04:30]} O-O {[%emt 0:03:30]} 10. Rfd1 {[%emt 0:01:30]} Nh5 {[%emt 0:00:30]} 11. Be3 {[%emt 0:01:30]} a6 {[%emt 0:02:30]} 12. a4 {[%emt 0:03:30]} Qc7 {[%emt 0:01:30]} 13. Rac1 {[%emt 0:11:30]} Qb8 {[%emt 0:00:30]} 14. Nd4 {[%emt 0:06:30]} Nf6 {[%emt 0:00:00]} 15. Nf3 {[%emt 0:17:30]} Bd7 {[%emt 0:06:00]} 16. Bf4 {[%emt 0:06:30]} e5 {[%emt 0:00:30]} 17. Bg5 {[%emt 0:01:30]} Bg4 {[%emt 0:00:30]} 18. Bxf6 {[%emt 0:03:30]} Bxf6 {[%emt 0:04:30]} 19. Nd5 {[%emt 0:01:30]} Qd8 {[%emt 0:02:30]} 20. Qd3 {[%emt 0:05:30]} Bg5 {[%emt 0:01:30]} 21. Rc3 {[%emt 0:06:30]} Bxf3 {[%emt 0:03:30]} 22. Qxf3 {[%emt 0:00:30]} Nd4 {[%emt 0:00:00]} 23. Qh5 {[%emt 0:02:30]} g6 {[%emt 0:00:00]} 24. Qg4 {[%emt 0:01:30]} h5 {[%emt 0:01:30]} 25. Qh3 {[%emt 0:02:26]} b5 {[%emt 0:01:30]} 26. Ba2 {[%emt 0:01:16]} Ne2+ {[%emt 0:00:30]} 27. Kh1 {[%emt 0:01:39]} Nxc3 {[%emt 0:01:30]} 28. bxc3 {[%emt 0:00:36]} Kg7 {[%emt 0:00:30]} 29. g3 {[%emt 0:00:41]} Rb8 {[%emt 0:04:30]} 30. f4 {[%emt 0:00:11]} exf4 {[%emt 0:00:30]} 31. gxf4 {[%emt 0:00:02]} Bf6 {[%emt 0:01:30]} 32. Rg1 {[%emt 0:00:32]} Rh8 {[%emt 0:00:30]} 33. Qe3 {[%emt 0:03:07]} Re8 {[%emt 0:04:30]} 34. Qf3 {[%emt 0:01:01]} bxa4 {[%emt 0:01:30]} 35. f5 {[%emt 0:00:34]} Rh8 {[%emt 0:03:30]} 36. fxg6 {[%emt 0:01:09]} fxg6 {[%emt 0:00:30]} 37. Qf5 {[%emt 0:00:22]} Rh6 {[%emt 0:00:30]} 38. Qe6 {[%emt 0:01:20]} g5 {[%emt 0:08:30]} 39. Ne3 {[%emt 0:04:08]} Rg6 {[%emt 0:00:30]} 40. Qf7+ {[%emt 0:00:14]} Kh8 {[%emt 0:00:30]} 41. Qxg6 {[%emt 0:00:03]} Rb7 {[%emt 0:01:30]} 42. Bf7 {[%emt 0:00:14]} Rxf7 {[%emt 0:01:30]} 43. Qxf7 {[%emt 0:00:02]} h4 {[%emt 0:02:30]} 44. Rf1 {[%emt 0:00:45]} Be5 {[%emt 0:00:30]} 45. Qh5+ {[%emt 0:00:50]} Kg8 {[%emt 0:00:30]} 46. Rf7 {[%emt 0:00:08]} Bg7 {[%emt 0:00:30]} 47. Qg6 {[%emt 0:00:11]} Qf8 {[%emt 0:00:30]} 48. Rxf8+ {[%emt 0:00:04]} Kxf8 {[%emt 0:00:30]} 49. Qxd6+ {[%emt 0:00:06]} Kf7 {[%emt 0:00:30]} 50. Nd5 {[%emt 0:00:59]} g4 {[%emt 0:00:30]} 51. Qd7+ {[%emt 0:00:23]} Kg8 {[%emt 0:00:00]} 52. Qxg4 {[%emt 0:00:08]} h3 {[%emt 0:00:00]} 53. Qxh3 {[%emt 0:00:15]} a3 {[%emt 0:00:30]} 54. Qc8+ {[%emt 0:00:15]} Kf7 {[%emt 0:00:00]} 55. Qxa6 {[%emt 0:00:06]} a2 {[%emt 0:00:00]} 56. Qxa2 {[%emt 0:00:05]} Ke6 {[%emt 0:00:30]} 57. Qf2 {[%emt 0:01:01]} Be5 {[%emt 0:00:30]} 58. Qf5+ {[%emt 0:00:44]} Kd6 {[%emt 0:00:00]} 59. h4 {[%emt 0:00:00]} Bh8 {[%emt 0:00:00]} 60. Qf8+ {[%emt 0:00:06]} 1-0